000 00266nam a22001217a 4500
008 181009b xxu||||| |||| 00| 0 eng d
041 _aeng
080 _a710
100 _a44
101 _aART
245 _aItalian Painting 1200-1600
_cDeWald,E.T
942 _2udc
_cBK
999 _c49240
_d49240